Súčasný stav a rozvoj obchodu v období globalizácie

Problematika súčasného stavu obchodu a hlavných faktorov ovplyvňujúcich jeho fungovanie. Obchod má dlhú históriu, od roku 1800 sa mení v približne 25-ročných intervaloch. Za posledné obdobie sa vytvorili v obchode kvalitatívne nové podmienky. Integračné procesy, využívanie informačno-komunuikačných...

Descripción completa

Guardado en:
Detalles Bibliográficos
Autor principal: Francová, Zuzana, 1971-
Formato: Capítulo de libro
Lenguaje:eslovaco
Materias:
Etiquetas: Agregar Etiqueta
Sin Etiquetas, Sea el primero en etiquetar este registro!

MARC

LEADER 00000nla$a2200000$$$4500
001 0092516
005 20240502072031.6
041 0 |a slo 
044 |a SK 
245 1 0 |a Súčasný stav a rozvoj obchodu v období globalizácie  |c Zuzana Francová 
520 |a Problematika súčasného stavu obchodu a hlavných faktorov ovplyvňujúcich jeho fungovanie. Obchod má dlhú históriu, od roku 1800 sa mení v približne 25-ročných intervaloch. Za posledné obdobie sa vytvorili v obchode kvalitatívne nové podmienky. Integračné procesy, využívanie informačno-komunuikačných technológií, silnejúca konkurencia, zmena nákupného správania spotrebiteľov a ďalšie významné ekonomické a marketingové faktory postupne menia obchod v zmysle orientácie na čoraz sofistikovanejšieho zákazníka. 
610 2 0 |a globalizácia 
610 2 0 |a obchod 
610 2 0 |a vývoj 
610 2 0 |a história 
610 2 0 |a podnik obchodný 
610 2 0 |a maloobchod 
100 1 |a Francová, Zuzana, 1971-